Представление документа в формате RUSMARC

Поле Инд. ПП Название Значение
Тип записи a
Библиографический уровень a
001 Контрольный номер b2bf1dd56b1b4bb282b861e28f09bb73
005 Дата корректировки 20181120134548.1
100 a Данные общей обработки 20180809 ||| 0rusy0189 ca
101 0_ a Язык текста rus
102 a Страна публикации RU
200 1_ b Общее обозначение материала Электронный ресурс
f Первые сведения об ответственности А.А. Дарков
a Заглавие Особенности заключения и реализации договора купли-продажи имущественных комплексов
210 d Дата издания 2018
461 _0 1 2000
a Закон и право
463 _0 1 2000
a №6
v С. 53-59
1 2101
d 2018
1 0011e2f5565b64145d18194472f40f71b61
606 a Основная рубрика Гражданское и торговое право
610 0_ a Ключевые слова ПРЕДПРИЯТИЕ (ОРГАНИЗАЦИЯ)
700 _1 a Фамилия Дарков
b Имя А.А.
801 _0 a Страна RU
b Организация РГУП
c Дата составления 20180809
g Правила каталогизации PSBO
801 _1 a Страна RU
b Организация РГУП
c Дата составления 20180809
g Правила каталогизации PSBO
901 t Тип документа b
w Контрольный № источника 1e2f5565b64145d18194472f40f71b61
905 a Дата ввода 20180809